[Event "ODJM A 2025"]
[Site "Willingen GER"]
[Date "2025.06.11"]
[Round "6"]
[White "Brau, Luca"]
[Black "Ruddat, Jarne"]
[Result "1/2-1/2"]
[Termination "normal"]
[Board "16"]
[WhiteElo "1911"]
[BlackElo "1925"]
[WhiteClock "01:08:00"]
[BlackClock "01:12:08"]
[PlyCount "43"]
[WhiteFideId "34680756"]
[BlackFideId "16254236"]
[EventCountry "GER"]
[EventRounds "9"]
[EventType "swiss"]
[EventDate "2025.06.07"]

1. e4 {[%clk 01:30:54]} {[%emt 00:00:04]} e5 {[%clk 01:30:53]} {[%emt
00:00:09]} 2. Nf3 {[%clk 01:31:10]} {[%emt 00:00:13]} Nc6 {[%clk 01:30:57]}
{[%emt 00:00:26]} 3. d4 {[%clk 01:30:37]} {[%emt 00:01:03]} exd4 {[%clk
01:30:40]} {[%emt 00:00:48]} 4. Nxd4 {[%clk 01:30:21]} {[%emt 00:00:45]} Nf6
{[%clk 01:30:44]} {[%emt 00:00:25]} 5. Nc3 {[%clk 01:29:14]} {[%emt 00:01:38]}
Bb4 {[%clk 01:29:44]} {[%emt 00:01:30]} 6. Nxc6 {[%clk 01:27:55]} {[%emt
00:01:49]} bxc6 {[%clk 01:30:09]} {[%emt 00:00:06]} 7. Bd3 {[%clk 01:27:49]}
{[%emt 00:00:35]} O-O {[%clk 01:29:35]} {[%emt 00:01:03]} 8. O-O {[%clk
01:24:15]} {[%emt 00:04:05]} d5 {[%clk 01:26:47]} {[%emt 00:03:20]} 9. exd5
{[%clk 01:23:52]} {[%emt 00:00:52]} cxd5 {[%clk 01:27:09]} {[%emt 00:00:09]}
10. h3 {[%clk 01:23:30]} {[%emt 00:00:50]} h6 {[%clk 01:21:01]} {[%emt
00:06:38]} 11. Qf3 {[%clk 01:21:50]} {[%emt 00:02:09]} c6 {[%clk 01:17:40]}
{[%emt 00:03:52]} 12. Bf4 {[%clk 01:20:28]} {[%emt 00:01:53]} Bd6 {[%clk
01:16:04]} {[%emt 00:02:06]} 13. Bxd6 {[%clk 01:16:05]} {[%emt 00:04:53]} Qxd6
{[%clk 01:13:11]} {[%emt 00:03:23]} 14. Bf5 {[%clk 01:11:38]} {[%emt 00:04:56]}
Be6 {[%clk 01:11:42]} {[%emt 00:01:58]} 15. Rfe1 {[%clk 01:10:19]} {[%emt
00:01:50]} Rfe8 {[%clk 01:11:32]} {[%emt 00:00:40]} 16. Bxe6 {[%clk 01:09:26]}
{[%emt 00:01:21]} Rxe6 {[%clk 01:11:50]} {[%emt 00:00:14]} 17. Rxe6 {[%clk
01:09:33]} {[%emt 00:00:23]} Qxe6 {[%clk 01:11:55]} {[%emt 00:00:25]} 18. Qe2
{[%clk 01:07:28]} {[%emt 00:02:33]} Qxe2 {[%clk 01:11:41]} {[%emt 00:00:47]}
19. Nxe2 {[%clk 01:07:21]} {[%emt 00:00:36]} Ne4 {[%clk 01:11:55]} {[%emt
00:00:16]} 20. Ng3 {[%clk 01:07:25]} {[%emt 00:00:26]} Nxg3 {[%clk 01:11:57]}
{[%emt 00:00:28]} 21. fxg3 {[%clk 01:07:36]} {[%emt 00:00:20]} Re8 {[%clk
01:12:08]} {[%emt 00:00:20]} 22. Kf2 {[%clk 01:08:00]} {[%emt 00:00:05]}
1/2-1/2

[Event "ODJM A 2025"]
[Site "Willingen GER"]
[Date "2025.06.11"]
[Round "6"]
[White "Apel, Linus"]
[Black "Longo, Massimo"]
[Result "0-1"]
[Termination "normal"]
[Board "17"]
[WhiteElo "1783"]
[BlackElo "2081"]
[WhiteClock "00:20:24"]
[BlackClock "00:17:23"]
[PlyCount "60"]
[WhiteFideId "16265785"]
[BlackFideId "16205227"]
[EventCountry "GER"]
[EventRounds "9"]
[EventType "swiss"]
[EventDate "2025.06.07"]

1. e4 {[%clk 01:30:57]} {[%emt 00:00:03]} e6 {[%clk 01:30:57]} {[%emt
00:00:04]} 2. d4 {[%clk 01:31:21]} {[%emt 00:00:06]} d5 {[%clk 01:31:21]}
{[%emt 00:00:05]} 3. Nd2 {[%clk 01:31:46]} {[%emt 00:00:06]} c5 {[%clk
01:31:36]} {[%emt 00:00:15]} 4. exd5 {[%clk 01:32:06]} {[%emt 00:00:09]} Qxd5
{[%clk 01:31:56]} {[%emt 00:00:11]} 5. dxc5 {[%clk 01:32:28]} {[%emt 00:00:08]}
Nf6 {[%clk 01:31:55]} {[%emt 00:00:31]} 6. Ngf3 {[%clk 01:32:44]} {[%emt
00:00:14]} Qxc5 {[%clk 01:31:51]} {[%emt 00:00:33]} 7. Bd3 {[%clk 01:32:36]}
{[%emt 00:00:38]} Be7 {[%clk 01:31:47]} {[%emt 00:00:35]} 8. O-O {[%clk
01:32:42]} {[%emt 00:00:24]} Nbd7 {[%clk 01:30:58]} {[%emt 00:01:19]} 9. Qe2
{[%clk 01:32:04]} {[%emt 00:01:07]} O-O {[%clk 01:30:34]} {[%emt 00:00:54]} 10.
Nb3 {[%clk 01:31:58]} {[%emt 00:00:37]} Qc7 {[%clk 01:30:39]} {[%emt 00:00:25]}
11. c3 {[%clk 01:29:16]} {[%emt 00:03:11]} b6 {[%clk 01:25:57]} {[%emt
00:05:12]} 12. Nbd4 {[%clk 01:26:12]} {[%emt 00:03:35]} Nc5 {[%clk 01:21:05]}
{[%emt 00:05:22]} 13. Bc2 {[%clk 01:25:11]} {[%emt 00:01:31]} Ba6 {[%clk
01:06:41]} {[%emt 00:14:53]} 14. Nb5 {[%clk 01:09:44]} {[%emt 00:15:58]} Qd7
{[%clk 00:50:31]} {[%emt 00:16:40]} 15. a4 {[%clk 01:09:18]} {[%emt 00:00:57]}
Bb7 {[%clk 00:47:47]} {[%emt 00:03:14]} 16. Rd1 {[%clk 01:06:36]} {[%emt
00:03:10]} Qc6 {[%clk 00:47:57]} {[%emt 00:00:20]} 17. Bf4 {[%clk 01:04:49]}
{[%emt 00:02:17]} Nce4 {[%clk 00:43:34]} {[%emt 00:04:53]} 18. Nbd4 {[%clk
00:58:29]} {[%emt 00:06:51]} Qc5 {[%clk 00:42:17]} {[%emt 00:01:47]} 19. Ne5
{[%clk 00:53:32]} {[%emt 00:05:27]} Rad8 {[%clk 00:36:14]} {[%emt 00:06:32]}
20. f3 {[%clk 00:36:14]} {[%emt 00:17:48]} Nd6 {[%clk 00:36:21]} {[%emt
00:00:23]} 21. g4 {[%clk 00:32:29]} {[%emt 00:04:16]} Nd5 {[%clk 00:29:36]}
{[%emt 00:07:15]} 22. Bg3 {[%clk 00:30:52]} {[%emt 00:02:07]} g6 {[%clk
00:27:14]} {[%emt 00:02:52]} 23. Bf2 {[%clk 00:28:14]} {[%emt 00:03:07]} Nf4
{[%clk 00:26:04]} {[%emt 00:01:40]} 24. Qe3 {[%clk 00:26:33]} {[%emt 00:02:11]}
Nh3+ {[%clk 00:24:22]} {[%emt 00:02:13]} 25. Kf1 {[%clk 00:22:37]} {[%emt
00:04:27]} Bg5 {[%clk 00:22:47]} {[%emt 00:02:03]} 26. Qe2 {[%clk 00:22:15]}
{[%emt 00:00:53]} Nxf2 {[%clk 00:17:50]} {[%emt 00:05:27]} 27. Kxf2 {[%clk
00:22:43]} {[%emt 00:00:01]} Bf6 {[%clk 00:17:20]} {[%emt 00:01:01]} 28. Nd3
{[%clk 00:22:44]} {[%emt 00:00:28]} Bxd4+ {[%clk 00:17:35]} {[%emt 00:00:16]}
29. Kg3 {[%clk 00:20:38]} {[%emt 00:02:36]} Qc7 {[%clk 00:17:22]} {[%emt
00:00:43]} 30. cxd4 {[%clk 00:20:24]} {[%emt 00:00:43]} Nf5+ {[%clk 00:17:23]}
{[%emt 00:00:30]} 0-1

[Event "ODJM A 2025"]
[Site "Willingen GER"]
[Date "2025.06.11"]
[Round "6"]
[White "Pimenov, Danil"]
[Black "Walter, Richard"]
[Result "0-1"]
[Termination "normal"]
[Board "18"]
[WhiteElo "1945"]
[BlackElo "2041"]
[WhiteClock "00:53:31"]
[BlackClock "00:59:10"]
[PlyCount "88"]
[WhiteFideId "34600248"]
[BlackFideId "34620028"]
[EventCountry "GER"]
[EventRounds "9"]
[EventType "swiss"]
[EventDate "2025.06.07"]

1. e4 {[%clk 01:30:57]} {[%emt 00:00:03]} c6 {[%clk 01:30:58]} {[%emt
00:00:02]} 2. d4 {[%clk 01:31:24]} {[%emt 00:00:04]} d5 {[%clk 01:31:26]}
{[%emt 00:00:02]} 3. exd5 {[%clk 01:31:46]} {[%emt 00:00:08]} cxd5 {[%clk
01:31:52]} {[%emt 00:00:03]} 4. Bd3 {[%clk 01:32:10]} {[%emt 00:00:06]} Nc6
{[%clk 01:32:19]} {[%emt 00:00:04]} 5. c3 {[%clk 01:32:36]} {[%emt 00:00:03]}
e6 {[%clk 01:32:46]} {[%emt 00:00:03]} 6. Bf4 {[%clk 01:32:38]} {[%emt
00:00:28]} Bd6 {[%clk 01:32:39]} {[%emt 00:00:37]} 7. Bxd6 {[%clk 01:33:01]}
{[%emt 00:00:06]} Qxd6 {[%clk 01:33:03]} {[%emt 00:00:07]} 8. Nf3 {[%clk
01:33:26]} {[%emt 00:00:05]} Nge7 {[%clk 01:33:28]} {[%emt 00:00:05]} 9. O-O
{[%clk 01:32:57]} {[%emt 00:00:59]} O-O {[%clk 01:33:53]} {[%emt 00:00:05]} 10.
Nbd2 {[%clk 01:27:35]} {[%emt 00:05:53]} Bd7 {[%clk 01:34:02]} {[%emt
00:00:21]} 11. Qc2 {[%clk 01:26:58]} {[%emt 00:01:07]} Ng6 {[%clk 01:34:09]}
{[%emt 00:00:22]} 12. Rae1 {[%clk 01:25:50]} {[%emt 00:01:38]} Rac8 {[%clk
01:33:34]} {[%emt 00:01:04]} 13. Qb1 {[%clk 01:26:00]} {[%emt 00:00:21]} a5
{[%clk 01:29:25]} {[%emt 00:04:39]} 14. h4 {[%clk 01:25:00]} {[%emt 00:01:29]}
Rfe8 {[%clk 01:25:10]} {[%emt 00:04:45]} 15. h5 {[%clk 01:21:41]} {[%emt
00:03:48]} Nf8 {[%clk 01:25:34]} {[%emt 00:00:07]} 16. Ne5 {[%clk 01:19:42]}
{[%emt 00:02:29]} f6 {[%clk 01:23:35]} {[%emt 00:02:29]} 17. Nxc6 {[%clk
01:16:30]} {[%emt 00:03:42]} Bxc6 {[%clk 01:21:38]} {[%emt 00:02:27]} 18. f4
{[%clk 01:16:24]} {[%emt 00:00:35]} e5 {[%clk 01:16:05]} {[%emt 00:06:03]} 19.
fxe5 {[%clk 01:15:41]} {[%emt 00:01:13]} fxe5 {[%clk 01:16:29]} {[%emt
00:00:06]} 20. Bf5 {[%clk 01:13:56]} {[%emt 00:02:16]} Bd7 {[%clk 01:09:29]}
{[%emt 00:07:31]} 21. Nf3 {[%clk 01:10:35]} {[%emt 00:03:50]} e4 {[%clk
01:07:37]} {[%emt 00:02:22]} 22. Ne5 {[%clk 01:10:08]} {[%emt 00:00:56]} Bxf5
{[%clk 01:06:51]} {[%emt 00:01:17]} 23. Rxf5 {[%clk 01:10:32]} {[%emt
00:00:06]} Nd7 {[%clk 01:06:11]} {[%emt 00:01:10]} 24. Nxd7 {[%clk 01:10:27]}
{[%emt 00:00:35]} Qxd7 {[%clk 01:06:35]} {[%emt 00:00:07]} 25. Ref1 {[%clk
01:10:14]} {[%emt 00:00:42]} Rf8 {[%clk 01:06:36]} {[%emt 00:00:29]} 26. Rxf8+
{[%clk 01:06:18]} {[%emt 00:04:26]} Rxf8 {[%clk 01:06:55]} {[%emt 00:00:11]}
27. Rxf8+ {[%clk 01:06:43]} {[%emt 00:00:05]} Kxf8 {[%clk 01:07:21]} {[%emt
00:00:04]} 28. Qf1+ {[%clk 01:07:00]} {[%emt 00:00:14]} Qf7 {[%clk 01:05:18]}
{[%emt 00:02:32]} 29. Qxf7+ {[%clk 01:04:18]} {[%emt 00:03:12]} Kxf7 {[%clk
01:05:44]} {[%emt 00:00:04]} 30. Kf2 {[%clk 01:04:43]} {[%emt 00:00:04]} Ke6
{[%clk 01:05:31]} {[%emt 00:00:45]} 31. g4 {[%clk 01:04:06]} {[%emt 00:01:06]}
b5 {[%clk 00:58:26]} {[%emt 00:07:34]} 32. Ke3 {[%clk 01:02:03]} {[%emt
00:02:34]} Kf6 {[%clk 00:57:18]} {[%emt 00:01:37]} 33. Kf4 {[%clk 00:59:21]}
{[%emt 00:03:12]} h6 {[%clk 00:57:42]} {[%emt 00:00:06]} 34. Ke3 {[%clk
00:55:13]} {[%emt 00:04:39]} Kg5 {[%clk 00:57:42]} {[%emt 00:00:30]} 35. b3
{[%clk 00:55:11]} {[%emt 00:00:32]} b4 {[%clk 00:57:52]} {[%emt 00:00:20]} 36.
c4 {[%clk 00:55:33]} {[%emt 00:00:08]} dxc4 {[%clk 00:58:18]} {[%emt 00:00:04]}
37. bxc4 {[%clk 00:55:45]} {[%emt 00:00:19]} a4 {[%clk 00:58:44]} {[%emt
00:00:04]} 38. c5 {[%clk 00:53:37]} {[%emt 00:02:38]} Kf6 {[%clk 00:58:10]}
{[%emt 00:01:03]} 39. Kxe4 {[%clk 00:52:41]} {[%emt 00:01:26]} b3 {[%clk
00:58:36]} {[%emt 00:00:05]} 40. axb3 {[%clk 00:53:06]} {[%emt 00:00:05]} a3
{[%clk 00:59:02]} {[%emt 00:00:03]} 41. Kd5 {[%clk 00:52:52]} {[%emt 00:00:45]}
a2 {[%clk 00:58:23]} {[%emt 00:01:09]} 42. c6 {[%clk 00:53:02]} {[%emt
00:00:20]} a1=Q {[%clk 00:58:48]} {[%emt 00:00:05]} 43. Kd6 {[%clk 00:53:05]}
{[%emt 00:00:27]} Qxd4+ {[%clk 00:59:10]} {[%emt 00:00:07]} 44. Kc7 {[%clk
00:53:31]} {[%emt 00:00:04]} Ke5 {[%emt 00:00:53]} 0-1

[Event "ODJM A 2025"]
[Site "Willingen GER"]
[Date "2025.06.11"]
[Round "6"]
[White "Tulchynsky, David"]
[Black "Nguyen, Ha Thanh"]
[Result "1-0"]
[Termination "normal"]
[Board "19"]
[WhiteElo "2009"]
[BlackElo "1950"]
[WhiteClock "00:23:22"]
[BlackClock "00:23:22"]
[PlyCount "103"]
[WhiteFideId "16289560"]
[BlackFideId "12942154"]
[EventCountry "GER"]
[EventRounds "9"]
[EventType "swiss"]
[EventDate "2025.06.07"]

1. e4 {[%clk 01:30:34]} {[%emt 00:00:26]} c5 {[%clk 01:30:54]} {[%emt
00:00:07]} 2. Nf3 {[%clk 01:30:58]} {[%emt 00:00:05]} e6 {[%clk 01:31:07]}
{[%emt 00:00:18]} 3. d3 {[%clk 01:31:23]} {[%emt 00:00:05]} Nc6 {[%clk
01:30:23]} {[%emt 00:01:14]} 4. g3 {[%clk 01:31:45]} {[%emt 00:00:07]} g6
{[%clk 01:26:17]} {[%emt 00:04:38]} 5. Nbd2 {[%clk 01:32:04]} {[%emt 00:00:09]}
Bg7 {[%clk 01:26:12]} {[%emt 00:00:35]} 6. Bg2 {[%clk 01:31:58]} {[%emt
00:00:35]} Nge7 {[%clk 01:25:57]} {[%emt 00:00:47]} 7. O-O {[%clk 01:32:07]}
{[%emt 00:00:20]} O-O {[%clk 01:26:17]} {[%emt 00:00:11]} 8. Re1 {[%clk
01:31:51]} {[%emt 00:00:45]} d6 {[%clk 01:23:51]} {[%emt 00:02:57]} 9. a4
{[%clk 01:29:22]} {[%emt 00:02:58]} a6 {[%clk 01:19:29]} {[%emt 00:04:52]} 10.
Nc4 {[%clk 01:22:07]} {[%emt 00:07:45]} Rb8 {[%clk 01:16:08]} {[%emt 00:03:51]}
11. Bf4 {[%clk 01:20:19]} {[%emt 00:02:18]} e5 {[%clk 01:15:42]} {[%emt
00:00:57]} 12. Bg5 {[%clk 01:18:04]} {[%emt 00:02:45]} h6 {[%clk 01:14:13]}
{[%emt 00:01:59]} 13. Bxe7 {[%clk 01:18:19]} {[%emt 00:00:14]} Nxe7 {[%clk
01:13:47]} {[%emt 00:00:57]} 14. a5 {[%clk 01:18:37]} {[%emt 00:00:11]} f5
{[%clk 01:03:03]} {[%emt 00:11:15]} 15. exf5 {[%clk 01:18:39]} {[%emt
00:00:28]} Bxf5 {[%clk 00:57:26]} {[%emt 00:06:07]} 16. Nfd2 {[%clk 01:15:32]}
{[%emt 00:03:36]} Bc8 {[%clk 00:55:30]} {[%emt 00:02:27]} 17. Qe2 {[%clk
01:00:08]} {[%emt 00:15:52]} Nc6 {[%clk 00:43:14]} {[%emt 00:12:47]} 18. Qe4
{[%clk 00:48:51]} {[%emt 00:11:47]} Nb4 {[%clk 00:36:21]} {[%emt 00:07:22]} 19.
Ne3 {[%clk 00:44:17]} {[%emt 00:05:05]} Qf6 {[%clk 00:27:41]} {[%emt 00:09:10]}
20. Qf3 {[%clk 00:37:21]} {[%emt 00:07:26]} Qxf3 {[%clk 00:21:16]} {[%emt
00:06:55]} 21. Bxf3 {[%clk 00:37:28]} {[%emt 00:00:22]} Be6 {[%clk 00:20:58]}
{[%emt 00:00:49]} 22. Be2 {[%clk 00:36:32]} {[%emt 00:01:26]} Rbd8 {[%clk
00:13:48]} {[%emt 00:07:40]} 23. c3 {[%clk 00:35:27]} {[%emt 00:01:35]} Nc6
{[%clk 00:13:54]} {[%emt 00:00:24]} 24. Ne4 {[%clk 00:35:28]} {[%emt 00:00:28]}
Na7 {[%clk 00:10:05]} {[%emt 00:04:20]} 25. Nc4 {[%clk 00:16:41]} {[%emt
00:19:17]} Nb5 {[%clk 00:10:27]} {[%emt 00:00:08]} 26. Nb6 {[%clk 00:16:35]}
{[%emt 00:00:36]} Rf7 {[%clk 00:08:33]} {[%emt 00:02:25]} 27. Rac1 {[%clk
00:13:23]} {[%emt 00:03:42]} Rdf8 {[%clk 00:07:32]} {[%emt 00:01:31]} 28. f3
{[%clk 00:12:52]} {[%emt 00:01:00]} Kh7 {[%clk 00:04:51]} {[%emt 00:03:11]} 29.
Kg2 {[%clk 00:12:57]} {[%emt 00:00:25]} Rd8 {[%clk 00:04:55]} {[%emt 00:00:27]}
30. Bd1 {[%clk 00:12:38]} {[%emt 00:00:48]} Rc7 {[%clk 00:04:37]} {[%emt
00:00:48]} 31. Na4 {[%clk 00:11:35]} {[%emt 00:01:34]} c4 {[%clk 00:03:29]}
{[%emt 00:01:38]} 32. Be2 {[%clk 00:11:18]} {[%emt 00:00:47]} cxd3 {[%clk
00:03:24]} {[%emt 00:00:35]} 33. Bxd3 {[%clk 00:11:43]} {[%emt 00:00:04]} Na7
{[%clk 00:03:15]} {[%emt 00:00:39]} 34. Bc2 {[%clk 00:11:10]} {[%emt 00:01:03]}
Nc6 {[%clk 00:03:21]} {[%emt 00:00:25]} 35. b4 {[%clk 00:11:33]} {[%emt
00:00:06]} Nxb4 {[%clk 00:02:50]} {[%emt 00:01:01]} 36. cxb4 {[%clk 00:11:48]}
{[%emt 00:00:15]} Rxc2+ {[%clk 00:03:17]} {[%emt 00:00:04]} 37. Rxc2 {[%clk
00:11:36]} {[%emt 00:00:42]} Bb3 {[%clk 00:03:35]} {[%emt 00:00:11]} 38. Rd2
{[%clk 00:11:14]} {[%emt 00:00:52]} Bxa4 {[%clk 00:03:53]} {[%emt 00:00:13]}
39. Rxd6 {[%clk 00:11:12]} {[%emt 00:00:31]} Rc8 {[%clk 00:03:40]} {[%emt
00:00:43]} 40. Nc5 {[%clk 00:11:18]} {[%emt 00:00:24]} Bb5 {[%clk 00:01:55]}
{[%emt 00:02:16]} 41. Red1 {[%clk 00:09:42]} {[%emt 00:02:05]} e4 {[%clk
00:27:55]} {[%emt 00:04:31]} 42. Nxe4 {[%clk 00:34:12]} {[%emt 00:05:59]} Rc2+
{[%clk 00:27:55]} {[%emt 00:00:30]} 43. R1d2 {[%clk 00:34:13]} {[%emt
00:00:29]} Rxd2+ {[%clk 00:27:33]} {[%emt 00:00:53]} 44. Rxd2 {[%clk 00:34:28]}
{[%emt 00:00:14]} g5 {[%clk 00:26:00]} {[%emt 00:02:03]} 45. Rc2 {[%clk
00:24:02]} {[%emt 00:10:55]} g4 {[%clk 00:23:27]} {[%emt 00:03:04]} 46. Rc7
{[%clk 00:23:45]} {[%emt 00:00:48]} gxf3+ {[%clk 00:23:28]} {[%emt 00:00:29]}
47. Kxf3 {[%clk 00:24:12]} {[%emt 00:00:02]} Bc6 {[%clk 00:23:36]} {[%emt
00:00:22]} 48. Rxc6 {[%clk 00:23:49]} {[%emt 00:00:54]} bxc6 {[%clk 00:23:59]}
{[%emt 00:00:08]} 49. Nc5 {[%clk 00:24:16]} {[%emt 00:00:01]} Bc3 {[%clk
00:23:47]} {[%emt 00:00:42]} 50. Nxa6 {[%clk 00:24:43]} {[%emt 00:00:04]} Kg6
{[%clk 00:23:17]} {[%emt 00:01:00]} 51. Nb8 {[%clk 00:22:56]} {[%emt 00:02:16]}
c5 {[%clk 00:23:22]} {[%emt 00:00:26]} 52. a6 {[%clk 00:23:22]} {[%emt
00:00:03]} 1-0

[Event "ODJM A 2025"]
[Site "Willingen GER"]
[Date "2025.06.11"]
[Round "6"]
[White "Schmidt, Boris"]
[Black "Mehner, Lorenz"]
[Result "1-0"]
[Termination "normal"]
[Board "20"]
[WhiteElo "1930"]
[BlackElo "2001"]
[WhiteClock "00:26:31"]
[BlackClock "00:06:49"]
[PlyCount "103"]
[WhiteFideId "16238036"]
[BlackFideId "16293096"]
[EventCountry "GER"]
[EventRounds "9"]
[EventType "swiss"]
[EventDate "2025.06.07"]

1. d4 {[%clk 01:30:57]} {[%emt 00:00:03]} Nf6 {[%clk 01:30:46]} {[%emt
00:00:14]} 2. c4 {[%clk 01:31:23]} {[%emt 00:00:04]} c5 {[%clk 01:31:11]}
{[%emt 00:00:05]} 3. d5 {[%clk 01:31:50]} {[%emt 00:00:03]} b5 {[%clk
01:31:36]} {[%emt 00:00:06]} 4. cxb5 {[%clk 01:32:16]} {[%emt 00:00:04]} a6
{[%clk 01:31:58]} {[%emt 00:00:08]} 5. bxa6 {[%clk 01:32:43]} {[%emt 00:00:04]}
g6 {[%clk 01:32:20]} {[%emt 00:00:07]} 6. a7 {[%clk 01:33:09]} {[%emt
00:00:05]} Rxa7 {[%clk 01:32:39]} {[%emt 00:00:12]} 7. Nc3 {[%clk 01:33:35]}
{[%emt 00:00:03]} Bg7 {[%clk 01:31:03]} {[%emt 00:02:05]} 8. e4 {[%clk
01:33:50]} {[%emt 00:00:16]} d6 {[%clk 01:29:35]} {[%emt 00:01:58]} 9. Bd3
{[%clk 01:31:57]} {[%emt 00:02:23]} Nbd7 {[%clk 01:28:38]} {[%emt 00:01:26]}
10. Nf3 {[%clk 01:31:02]} {[%emt 00:01:25]} O-O {[%clk 01:26:57]} {[%emt
00:02:11]} 11. O-O {[%clk 01:29:36]} {[%emt 00:01:56]} Ba6 {[%clk 01:25:28]}
{[%emt 00:02:00]} 12. Re1 {[%clk 01:27:32]} {[%emt 00:02:34]} Ng4 {[%clk
01:24:48]} {[%emt 00:01:10]} 13. Bxa6 {[%clk 01:09:40]} {[%emt 00:18:22]} Rxa6
{[%clk 01:25:06]} {[%emt 00:00:12]} 14. a4 {[%clk 01:09:43]} {[%emt 00:00:27]}
Qa5 {[%clk 01:19:21]} {[%emt 00:06:16]} 15. Qc2 {[%clk 01:06:20]} {[%emt
00:03:51]} Rb8 {[%clk 01:17:53]} {[%emt 00:01:58]} 16. Bd2 {[%clk 01:01:56]}
{[%emt 00:04:55]} Qb4 {[%clk 01:15:29]} {[%emt 00:02:54]} 17. Reb1 {[%clk
01:01:38]} {[%emt 00:00:47]} Qb3 {[%clk 01:10:27]} {[%emt 00:05:32]} 18. Qd3
{[%clk 00:49:10]} {[%emt 00:12:59]} Raa8 {[%clk 01:08:31]} {[%emt 00:02:25]}
19. Ra3 {[%clk 00:45:44]} {[%emt 00:03:57]} Nge5 {[%clk 01:06:45]} {[%emt
00:02:16]} 20. Nxe5 {[%clk 00:43:39]} {[%emt 00:02:35]} Nxe5 {[%clk 01:06:54]}
{[%emt 00:00:21]} 21. Rxb3 {[%clk 00:43:45]} {[%emt 00:00:24]} Nxd3 {[%clk
01:06:54]} {[%emt 00:00:29]} 22. Rxb8+ Rxb8 {[%clk 01:07:23]} 23. b3 {[%clk
00:43:49]} {[%emt 00:00:16]} Bd4 {[%clk 01:02:15]} {[%emt 00:05:38]} 24. Nd1
{[%clk 00:43:25]} {[%emt 00:00:53]} f5 {[%clk 00:45:53]} {[%emt 00:16:52]} 25.
exf5 {[%clk 00:38:36]} {[%emt 00:05:20]} gxf5 {[%clk 00:45:43]} {[%emt
00:00:39]} 26. Bc3 {[%clk 00:38:28]} {[%emt 00:00:39]} Bxc3 {[%clk 00:44:57]}
{[%emt 00:01:16]} 27. Nxc3 {[%clk 00:38:54]} {[%emt 00:00:04]} c4 {[%clk
00:42:15]} {[%emt 00:03:12]} 28. bxc4 {[%clk 00:37:29]} {[%emt 00:01:55]} Rc8
{[%clk 00:27:52]} {[%emt 00:14:53]} 29. a5 {[%clk 00:37:44]} {[%emt 00:00:16]}
Rc5 {[%clk 00:27:10]} {[%emt 00:01:12]} 30. Nb5 {[%clk 00:37:14]} {[%emt
00:00:59]} Rxc4 {[%clk 00:27:21]} {[%emt 00:00:20]} 31. a6 {[%clk 00:36:30]}
{[%emt 00:01:13]} Ra4 {[%clk 00:25:21]} {[%emt 00:02:30]} 32. a7 {[%clk
00:36:54]} {[%emt 00:00:06]} Nf4 {[%clk 00:24:40]} {[%emt 00:01:10]} 33. g3
{[%clk 00:36:14]} {[%emt 00:01:10]} Nxd5 {[%clk 00:24:25]} {[%emt 00:00:45]}
34. Nc3 {[%clk 00:36:34]} {[%emt 00:00:07]} Nxc3 {[%clk 00:23:19]} {[%emt
00:01:40]} 35. Rb8+ {[%clk 00:37:00]} {[%emt 00:00:04]} Kf7 {[%clk 00:22:07]}
{[%emt 00:01:43]} 36. a8=Q {[%clk 00:37:24]} {[%emt 00:00:05]} Rxa8 {[%clk
00:22:26]} {[%emt 00:00:11]} 37. Rxa8 {[%clk 00:37:48]} {[%emt 00:00:06]} e5
{[%clk 00:21:19]} {[%emt 00:01:37]} 38. Ra7+ {[%clk 00:36:51]} {[%emt
00:01:27]} Ke6 {[%clk 00:21:17]} {[%emt 00:00:32]} 39. Rxh7 {[%clk 00:36:54]}
{[%emt 00:00:28]} e4 {[%clk 00:21:04]} {[%emt 00:00:42]} 40. Kf1 {[%clk
00:36:34]} {[%emt 00:00:50]} d5 {[%clk 00:20:53]} {[%emt 00:00:41]} 41. h4
{[%clk 00:36:51]} {[%emt 00:00:14]} d4 {[%clk 00:21:01]} {[%emt 00:00:21]} 42.
Ke1 {[%clk 00:37:00]} {[%emt 00:00:20]} d3 {[%clk 00:19:59]} {[%emt 00:01:33]}
43. Rh8 {[%clk 00:36:34]} {[%emt 00:00:56]} Nb5 {[%clk 00:19:35]} {[%emt
00:00:54]} 44. Rd8 {[%clk 00:33:12]} {[%emt 00:03:52]} Nd6 {[%clk 00:16:58]}
{[%emt 00:03:08]} 45. h5 {[%clk 00:29:32]} {[%emt 00:04:09]} Nf7 {[%clk
00:15:35]} {[%emt 00:01:54]} 46. Rg8 {[%clk 00:29:57]} {[%emt 00:00:04]} Ke7
{[%clk 00:13:49]} {[%emt 00:02:16]} 47. Rg7 {[%clk 00:27:53]} {[%emt 00:02:33]}
Kf6 {[%clk 00:13:42]} {[%emt 00:00:38]} 48. Rg6+ {[%clk 00:28:19]} {[%emt
00:00:04]} Ke7 {[%clk 00:14:06]} {[%emt 00:00:06]} 49. Ra6 {[%clk 00:27:55]}
{[%emt 00:00:54]} Ng5 {[%clk 00:12:52]} {[%emt 00:01:44]} 50. Kd2 {[%clk
00:25:42]} {[%emt 00:02:43]} Kf7 {[%clk 00:11:27]} {[%emt 00:01:55]} 51. Ke3
{[%clk 00:26:07]} {[%emt 00:00:05]} Kg7 {[%clk 00:06:49]} {[%emt 00:05:08]} 52.
Rg6+ {[%clk 00:26:31]} {[%emt 00:00:06]} 1-0